Loading...
| Current Events | 1 | 10.00 | 100% | 0% | 0% |
| Fine Arts - Classical Music | 2 | 10.00 | 100% | 0% | 0% |
| Fine Arts - Other | 3 | 16.67 | 100% | 67% | 0% |
| Fine Arts - Painting and Sculpture | 8 | 10.00 | 88% | 0% | 13% |
| Geography | 1 | 10.00 | 100% | 0% | 0% |
| History - American | 8 | 16.25 | 100% | 63% | 0% |
| History - European | 6 | 16.67 | 100% | 67% | 0% |
| History - Other | 6 | 16.67 | 100% | 50% | 17% |
| History - World | 5 | 22.00 | 100% | 100% | 20% |
| Literature - American | 4 | 15.00 | 100% | 25% | 25% |
| Literature - British | 4 | 12.50 | 100% | 25% | 0% |
| Literature - European | 7 | 14.29 | 100% | 29% | 14% |
| Literature - World | 4 | 20.00 | 100% | 50% | 50% |
| Mythology | 4 | 12.50 | 75% | 50% | 0% |
| Philosophy | 4 | 10.00 | 75% | 25% | 0% |
| Pop Culture | 2 | 15.00 | 100% | 50% | 0% |
| Religion | 8 | 16.25 | 100% | 38% | 25% |
| Science - Biology | 3 | 6.67 | 67% | 0% | 0% |
| Science - Chemistry | 1 | 10.00 | 100% | 0% | 0% |
| Science - Other | 1 | 10.00 | 100% | 0% | 0% |
| Science - Physics | 5 | 14.00 | 100% | 40% | 0% |
| Social Science | 5 | 14.00 | 80% | 40% | 20% |